00828cam a22002411 4500001001300000003000400013005001700017008004100034010001700075035002000092040002400112042001200136050002300148051001600171100003400187245007000221260007600291300003800367490005000405500007700455650003700532999001700569e 46000026 DLC20260227111233.0880804s1946 dcua 000 0 eng  ae 46000026  a(OCoLC)18309810 aDLCcAUdOCoLCdDLC apremarc00aL111b.A75 no. 100 aLB2864b.F41 aFeatherston, E. Glenn,d1900-10aSchool bus drivers,bcurrent practices in selection and training. a[Washington]bFederal security agency, U.S. Office of educationc[1946] aiii, 38 p.bincl. tables.c23 cm.0 aU.S. Office of education. Pamphlet ;vno. 100 a"By E. Glenn Featherston, specialist for pupil transportation." -- p. 1. 0aSchool childrenxTransportation. c22037d22037